Adult education in the church. (Record no. 36725)
[ view plain ]
| 000 -LEADER | |
|---|---|
| fixed length control field | 00568cam a2200181 4500 |
| 001 - CONTROL NUMBER | |
| control field | 1341518 |
| 005 - DATE AND TIME OF LATEST TRANSACTION | |
| control field | 20140520110346.0 |
| 008 - FIXED-LENGTH DATA ELEMENTS--GENERAL INFORMATION | |
| fixed length control field | 710119s1970 ilua b 001 0 eng |
| 245 00 - TITLE STATEMENT | |
| Title | Adult education in the church. |
| Statement of responsibility, etc | edited by Roy B. Zuck and Gene A. Getz. |
| 260 ## - PUBLICATION, DISTRIBUTION, ETC. (IMPRINT) | |
| Place of publication, distribution, etc | Chicago, |
| Name of publisher, distributor, etc | Moody Press |
| Date of publication, distribution, etc | [1970] |
| 300 ## - PHYSICAL DESCRIPTION | |
| Extent | 383 p. : |
| Other physical details | illustrated ; |
| Dimensions | 24 cm. |
| 504 ## - BIBLIOGRAPHY, ETC. NOTE | |
| Bibliography, etc | Includes bibliographies. |
| 650 #0 - SUBJECT ADDED ENTRY--TOPICAL TERM | |
| Topical term or geographic name as entry element | Christian education of adults. |
| 650 #0 - SUBJECT ADDED ENTRY--TOPICAL TERM | |
| Topical term or geographic name as entry element | Families |
| General subdivision | Religious life. |
| 700 1# - ADDED ENTRY--PERSONAL NAME | |
| Personal name | Zuck, Roy B., |
| Relator term | ed. |
| 700 1# - ADDED ENTRY--PERSONAL NAME | |
| Personal name | Getz, Gene A., |
| Relator term | ed. |
| 942 ## - ADDED ENTRY ELEMENTS (KOHA) | |
| Source of classification or shelving scheme | Library of Congress Classification |
| Item type | Books |
| Koha issues (borrowed), all copies | 1 |
| Withdrawn status | Lost status | Source of classification or shelving scheme | Damaged status | Not for loan | Home library | Current library | Shelving location | Date acquired | Accession number | Total Checkouts | Full call number | Barcode | Date last seen | Price effective from | Koha item type | Date last borrowed | Copy number | Source of acquisition | Cost, normal purchase price |
|---|---|---|---|---|---|---|---|---|---|---|---|---|---|---|---|---|---|---|---|
| Library of Congress Classification | BSOP Library | BSOP Library | GC | 06/20/2013 | 5023 | BV1488 Ad9 | 00019704 | 06/20/2013 | 06/20/2013 | Books | |||||||||
| Library of Congress Classification | BSOP Library | BSOP Library | GC | 06/20/2013 | 5132 | 1 | BV1488 Ad9 c.2 | 00019703 | 07/18/2013 | 06/20/2013 | Books | 07/18/2013 | c. 2 | ||||||
| Library of Congress Classification | BSOP Library | BSOP Library | GC | 06/20/2013 | 35992 | BV1488 Ad9 | 00043192 | 06/20/2013 | 06/20/2013 | Books | c. 3 | Theological Book Network | 400.00 |
